000 00777nam a2200241Ia 4500
003 OSt
005 20220926001236.0
006 a|||||r|||| 00| 0
007 ta
008 220923b |||||||| |||| 00| 0 eng d
037 _cGeneral Book
040 _aRTL
_cRTL
_beng
041 _2eng
_aeng
082 _aX93.2.N79,N79t, L9/GD
110 _aINDIA, SHIPPING AND TRANSPORT (Ministry of-)
_9303663
245 0 _aCommittee on the public undertakings 1978-79
_b Thirty-ninth report.
260 _a New Delhi
_bLok Sabha secretariat
_c1979
300 _avii,19p.
_ccm.
500 _aAppendix :19p.
700 _aINDIA, SHIPPING AND TRANSPORT (Ministry of-)
_9303664
942 _hX93.2.N79,N79t, L9/GD
_cGB
_2CC
999 _c601011
_d601011